| 000 | 00587nam a2200241Ia 4500 | ||
|---|---|---|---|
| 005 | 20250425162010.0 | ||
| 008 | 250425s9999 xx 000 0 und d | ||
| 020 | _a9684220332 | ||
| 041 | _aspa | ||
| 082 | _a621.84 | ||
| 100 | _aGREENE, RICHARD W. | ||
| 245 | 0 | _aVALVULAS: SELECCION, USO Y MANTENIMIENTO | |
| 250 | _a1A ED. | ||
| 260 | _aMEXICO | ||
| 260 |
_aMéxico _bMCGRAW-HILL _c1989 |
||
| 300 | _a278 | ||
| 650 | _aEQUIPO DE CONTROL | ||
| 650 | _aREGULADORES DE PRESION | ||
| 650 | _aVALVULAS | ||
| 650 | _aVALVULAS DE CONTROL | ||
| 942 | _c01 | ||
| 010 | _a39442 | ||
| 999 |
_c220372 _d220372 |
||